Facultatividad u obligatoriedad circunscripta. La inserción de las audiencias públicas en la Ley Nacional de Procedimientos Administrativos / (Registro nro. 6309)
[ vista simple ]
| 000 -LEADER | |
|---|---|
| fixed length control field | 01163nabaa22002297a 4500 |
| 003 - CONTROL NUMBER IDENTIFIER | |
| control field | OSt |
| 005 - DATE AND TIME OF LATEST TRANSACTION | |
| control field | 20260129035414.0 |
| 008 - FIXED-LENGTH DATA ELEMENTS--GENERAL INFORMATION | |
| fixed length control field | 190701b xxu||||| |||| 00| 0 spa d |
| 040 ## - CATALOGING SOURCE | |
| Transcribing agency | PJ |
| 100 ## - MAIN ENTRY--PERSONAL NAME | |
| 9 (RLIN) | 6989 |
| Personal name | Grandal, Marcos |
| 245 10 - TITLE STATEMENT | |
| Title | Facultatividad u obligatoriedad circunscripta. La inserción de las audiencias públicas en la Ley Nacional de Procedimientos Administrativos / |
| Statement of responsibility, etc | Marcos Grandal, Sofía Martelli. |
| 300 ## - PHYSICAL DESCRIPTION | |
| Extent | p. 127 |
| 500 ## - GENERAL NOTE | |
| General note | Cita: TR LALEY AR/DOC/1565/2025 |
| 505 ## - FORMATTED CONTENTS NOTE | |
| Formatted contents note | Sumario: I. Introducción.— II. Sucinta aproximación al concepto de audiencias públicas y su andamiaje positivo.— III. La audiencia pública en el marco de la Ley Nacional de Procedimientos Administrativos.— IV. Conclusiones. |
| 505 ## - FORMATTED CONTENTS NOTE | |
| Title | ¿Te interesa el texto completo? Comunicate al correo: koha@justierradelfuego.gov.ar |
| 650 #0 - SUBJECT ADDED ENTRY--TOPICAL TERM | |
| 9 (RLIN) | 211 |
| Topical term or geographic name as entry element | DERECHO ADMINISTRATIVO |
| 650 #0 - SUBJECT ADDED ENTRY--TOPICAL TERM | |
| 9 (RLIN) | 1135 |
| Topical term or geographic name as entry element | PROCEDIMIENTO ADMINISTRATIVO |
| 650 #0 - SUBJECT ADDED ENTRY--TOPICAL TERM | |
| 9 (RLIN) | 6931 |
| Topical term or geographic name as entry element | AUDIENCIAS PÚBLICAS |
| 700 ## - ADDED ENTRY--PERSONAL NAME | |
| 9 (RLIN) | 6990 |
| Personal name | Martelli, Sofía |
| 773 0# - HOST ITEM ENTRY | |
| Host Biblionumber | 2842 |
| Host Itemnumber | 3251 |
| Place, publisher, and date of publication | Buenos Aires : AbeledoPerrot, 2012- |
| Other item identifier | DA121 |
| Title | Derecho administrativo. Nº 160 julio/agosto 2025 |
| International Standard Book Number | 18510590 |
| 942 ## - ADDED ENTRY ELEMENTS (KOHA) | |
| Source of classification or shelving scheme | |
| Koha item type | Analítica Artículo de Revista |
No hay ítems disponibles.
